01093cam a2200349 a 45000010008000000030004000080050017000120080041000290100017000700200025000870220006001120350012001180400031001300500021001611000029001822450070002112500019002812600071003003000059003713360026004303370028004563380027004845000020005115040026005315050006005575200006005636500035005696500044006046500024006486500033006727000038007051407008GZU20260423084800.0831117s1984 ilua b 001 0 eng  a 83021514  a089189179X :c$65.00 a. a1407008 aDLCcDLCdGZULibbengerda10aRC119b.ASH 19841 aAsh, Lawrence R.eauthor10aAtlas of human parasitology /cLawrence R. Ash, Thomas C. Orihel. aSecond edition aChicago :bAmerican Society of Clinical Pathologists Press,c1984. axi, 212 pages :billustrations (some colour) ;c29 cm. atextbtxt2rdacontent aunmediatedbn2rdamedia avolumebnc2rdacarrier aIncludes index. aBibliography: p. 208. a. a. 0aMedical parasitologyxAtlases. 0aParasitic diseasesxDiagnosisxAtlases. 2aParasitesxAtlases. 2aParasitic diseasesxAtlases.1 aOrihel, Thomas C.,d1929-eauthor